Seasons with Both MVPs Won by Black Players - Statistics

General Stats
  • This quiz has been taken 26 times
  • The average score is 5 of 12
Answer Stats
Year Player % Correct
1990 Barry Bonds
85%
1993 Barry Bonds
85%
1990 Ricky Henderson
45%
1979 Willie Stargell
45%
1979 Don Baylor
40%
1993 Frank Thomas
40%
1978 Jim Rice
40%
1995 Barry Larkin
35%
1978 Dave Parker
30%
1977 George Foster
30%
1995 Mo Vaughn
30%
1977 Rod Carew
25%
No matching quizzes found
Score Distribution
Percent of People with Each Score
Percentile by Number Answered
Your Score History
You have not taken this quiz